00651cam a22001931 450000100060000000300080000600500170001400800420003103500190007304000390009204100080013108200190013910000280015824501350018626000510032130000370037250400270040965000210043633833BD-RjUL20211209052051.0140511s1960 usa 000 0 eng  a(BD-RjUL)33925 aDLCcOClWdOCoLCdUkdBD-RjULbeng aeng a300bBOC 19601 aBonner, Thomas Neville.14aThe contemporary world :bthe social sciences in historical perspective /cThomas N. Bonner, Duane W. Hill [and] George L. Wilber. aEnglewood Cliffs, N.J.,bPrentice-Hall,c1960. axiii, 594 p. :billus. ;c25 cm. aIncludes bibliography. 0aSocial sciences.